| 000 | 02112nam a2200289 i 4500 | ||
|---|---|---|---|
| 003 | EG-ScBUE | ||
| 005 | 20240313103248.0 | ||
| 008 | 120822s2011 txua f b 000 0 eng d | ||
| 020 | _a1461078822 | ||
| 020 | _a9781461078821 | ||
| 040 |
_aEG-ScBUE _beng _erda _cEG-ScBUE _dEG-ScBUE |
||
| 043 | _af-ua--- | ||
| 082 | 0 | 4 |
_222 _a932 _bMIS |
| 100 | 1 |
_930848 _aMissick, Stephen Andrew, _eauthor. |
|
| 245 | 1 | 4 |
_aThe Ennead : _bthe story of King Osiris the vindicated, the beloved enchantress Isis and horus the avenger / _cwritten and illustrated by Stephen Andrew Missick. |
| 264 | 1 |
_aShepherd, TX : _bStephen Andrew Missick, _c2011. |
|
| 300 |
_a[130] pages : _billustrations ; _c21 cm |
||
| 336 |
_2rdacontent _atext _btxt |
||
| 337 |
_aunmediated _2rdamedia _bn |
||
| 338 |
_avolume _bnc _2rdacarrier |
||
| 504 | _aIncludes bibliographical references. | ||
| 520 | _aMany people are fascinated by the ancient Egyptians and yet find them to be mysterious, distant and alien. The ancient Egyptians had a great diversity of religious beliefs and a diversity of myths. To have a basic understanding of the ancient Egyptians it is necessary to know the Ennead. The Ennead is a group of nine gods worshiped at Helioipolis in ancient Egypt. (The word "Ennead" is derived from a Greek word meaning "nine.") The Ennead is composed of Atum, Shu, Tefnut, Geb, Nut, Osiris, Isis, Seth and Nephthys. The story of the Ennead is told in this book and it provides essential basic knowledge that will enable the reader to comprehend ancient Eyptian beliefs, culture, traditions and religious practices. The Ennead is one of the oldest stories in the world going back to around 2,500 years before Christ. The Ennead is one of the most important myths from ancient Egypt. It is the story of King Osiris the vindicated, the beloved enchantress Isis and Horus the avenger. The story of the Ennead presents the Egyptian view of creation, the struggle between good and evil and the nature of the afterlife.--cover. | ||
| 651 | 7 |
_aAncient Egypt _xHistory. _2BUEsh |
|
| 653 | _cAugust2012 | ||
| 655 | _vReading book | ||
| 942 |
_2ddc _cBB |
||
| 999 |
_c16948 _d16948 |
||